000 00577nam a2200205Ia 4500
005 20250508152752.0
008 008 250505s9999 xx 000 0 eng d
037 _aTextual
040 _aFEDL
_beng
_cFEDL
041 _aeng
_2eng
084 _a613, DIE
_qFEDL
100 _aDiehl Harold S
_9756502
245 0 _aHealth and safety for you
250 _a2nd
260 _aNew York, USA
_bMcGraw-Hill Book Company
_c1957
300 _axii,531p.
700 _a Laton Anita D Vaughn Franklin C
_9762327
942 _cTEXL
_h613, DIE
999 _c1338628
_d1338628